| 000 | 00535pam a2200193 a 4500 | ||
|---|---|---|---|
| 020 |
_a9780340808764 _c1726.00 |
||
| 041 |
_aeng _hNULL |
||
| 082 |
_a618.2 _bLUE/BAK |
||
| 100 | _aLUESLEY D.M.,BAKER P.N. . | ||
| 245 |
_aOBSTETRIC AND GYNAECOLOGY : AN EVIDENCE-BASED TEXT FOR MRCOG / _cNULL. _hTextual Documents |
||
| 260 |
_aNULL : _bARNOLD , _c2004. |
||
| 300 |
_a784 : : _bXVI ; ; _cA4 . + _ePB. |
||
| 365 |
_a1726.00 _e1 |
||
| 700 | _a . | ||
| 907 | _a5929 | ||
| 930 | _a2398 | ||
| 999 |
_c796933 _d796933 |
||
| 650 | _aOBST.GYNE | ||